| 000 | 00503nam a2200181Ia 4500 | ||
|---|---|---|---|
| 001 | 3165 | ||
| 005 | 20260306144900.0 | ||
| 008 | 260306t2013||||xx |||||||||||||| ||spa|| | ||
| 041 | _aESP | ||
| 082 |
_a261.8 _bC93 |
||
| 100 |
_aCrepaldi, Giampaolo _eAUT |
||
| 245 | 0 |
_aIdeología de género y naturaleza humana: _bcuarto informe sobre la doctrina social de la iglesia en el mundo |
|
| 260 | _c2013 | ||
| 300 |
_a166 páginas : _c24 cm. |
||
| 650 | _aGEN | ||
| 654 | _aCHU | ||
| 942 |
_cLIB _dJUS _fJUS _2ddc _n |
||
| 999 |
_c3165 _d3165 |
||